Представление документа в формате MARC21

ПолеНазваниеЗначение
  Тип записи a
  Библиографический уровень m
001 Контрольный номер RU\infra-m\znanium\bibl\2235942
005 Дата корректировки 20260429142147.0
008 Кодируемые данные 260120s2025 RU g rus u
020 Индекс ISBN __
a ISBN 978-5-9614-4271-7
040 Источник каталогиз. __
a Служба первич. каталог. Общество с ограниченной ответственностью «ЗНАНИУМ»
041 Код языка издания __
a Код языка текста rus
044 Код страны публикации __
a Код страны публикации RU
080 Индекс УДК __
a Индекс УДК 339
084 Индекс другой классификации/Индекс ББК __
2 Источник индекса rubbk
a Индекс другой классификации/Индекс ББК 6529
084 Индекс другой классификации/Индекс ББК __
2 Источник индекса rubbk
a Индекс другой классификации/Индекс ББК 760
084 Индекс другой классификации/Индекс ББК __
2 Источник индекса okso
a Индекс другой классификации/Индекс ББК 38.03.02
084 Индекс другой классификации/Индекс ББК __
2 Источник индекса okso
a Индекс другой классификации/Индекс ББК 42.03.02
100 Автор __
a Автор Халилов Д.
q Полное имя Халилов Дамир
245 Заглавие __
a Заглавие Метод скользкой горки: Сторителлинг для Reels, Stories, TikTok-роликов и других форматов социальных сетей
b Продолж. заглавия Практическое пособие
250 Сведения об издании __
a Основные сведения об издании 1
260 Выходные данные __
a Место издания Москва
b Издательство ООО "Альпина Паблишер"
c Дата издания 2026
300 Физическое описание __
a Объем 584 с.
520 Аннотация __
a Аннотация Каждую минуту больше трех миллиардов людей делятся всоцсетях сотнями миллионов видео сообщений твитов аудиозаписей фотографий икартинок. Когда контента так много конкуренция между брендами завнимание пользователей становится все сильнее иуспех маркетинговой кампании зависит оттого как быстро вы успеваете адаптироваться кизменениям ипредсказывать тренды. Чтобы победить вбитве завнимание нужно научиться увлекательно рассказывать истории и вести читателя от первого взгляда на ваш контент к целевому действию считает Дамир Халилов один из ведущих специалистов по SMM в России. В своей книге он рассказывает ометоде скользкой горки идругих универсальных техниках сторителлинга которые используют всвоей практике «звездные» сценаристы известные писатели и опытные рекламщики. Эта книга научит создавать захватывающий вызывающий доверие контент для социальных сетей который запомнится аудитории и широко разойдется благодаря сарафанному радио подскажет как получать максимальную отдачу отпродвижения иувеличивать монетизацию.
521 Примеч. о цел. назн. __
a Примеч. о целев. назн. Дополнительное образование
650 Тематические рубрики __
a Основная рубрика Реклама. Маркетинг. PR
x Основная подрубрика Отраслевой маркетинг
655 Указ. предметных рубрик (устаревшее) __
a Жанр/ форма (устаревшее) Практическое пособие
856 Электронный адрес документа 4_
a Имя сервера/домена znanium.ru
m Помощь ebs_support@infra-m.ru
n Местонахождение сервера НИЦ ИНФРА-М
u URL https://znanium.ru/catalog/document?id=473942
856 Электронный адрес документа 48
a Имя сервера/домена znanium.ru
d Путь /cover/2235
f Электронное имя 2235942.jpg
q Тип электронного формата image/jpeg
u URL https://znanium.ru/cover/2235/2235942.jpg
911 __
u 0030=https://znanium.ru/catalog/document?id=473942